Регионална библиотека "Любен Каравелов" - Русе

Сянката на Шуман (Запис номер 32620)

MARC детайли
000 -Лидер
Контролно поле с фиксирана дължина 01155nam a2200301 c 4500
003 - Код на организацията, давaща контролен номер
Контролно поле BLK
005 - Дата и час на последна редакция
Контролно поле 20180420220555.0
008 - Елементи от данни с фиксирана дължина
fixed length control field 180407b bul|||||r ||||||| ||bul||
010 ## - Наследен системен номер
LC control number KNG00035296000
020 ## - Международен стандартен номер на книга ISBN
Международен стандартен номер на книга ISBN 954-8453-64-9
-- издат.: Весела Люцканова
040 ## - Източник на каталожния запис
Идентификатор на билиотеката - собственик на записа BLK
041 ## - Код за език
Код за езика на текст/звукозапис или на отделно заглавие Български
Код за езика КДБФ Български
080 ## - УДК
Текстов определител УДК Немска литература
УДК код - определител по УДК 821.112.2
УДК определител -31
УДК - код + определител 821.112.2-31
100 1# - Редна дума - Автор
Автор Хертлинг, Петер
Авторска отговорност първи автор
R(LIN) 136867
139 ## - Редно поле
Редна дума Хертлинг, Петер
Авторски знак Хер - Х 43
245 10 - Сведения за заглавието
Заглавие Сянката на Шуман
Подзаглавни данни Роман
Редно поле (дума) Петер Хертлинг; прев. от нем. Ивета Трифонова Милева.
257 ## - Страна на издаване
Страна на създаване/издаване Германия
260 ## - Област на издателските данни
-- София
Име на издателя, разпространителя и проч. Весела Люцканова
Година на издаване 2001
Печатница София : Петекстон
300 ## - Физическа характеристика
Страници 328 с.
Размери/Мащаб 20 см
380 ## - Жанр
Жанр Худож. лит.
500 ## - Общи забележки
Забележка Ориг. загл. Schumann Schatten / Peter Hartling.
700 1# - Други автори (авторска отговорност)
Лично име Милева, Ивета Трифонова
Автороска отговорност (Описва отношението между автора и произведението) прев. от нем.
9 (RLIN) 272419
852 ## - Местоположение
Форматна сигнатура Цб 207444
856 4# - Електронен адрес и достъп
Електронен формат pdf - файл
Път до файла /url/
856 4# - Електронен адрес и достъп
Електронен формат pdf - файл
Път до файла /url/
942 ## - АРТИКУЛИ
Вид на библиотечния материал Книги
Скрит в OPAC Не
944 ## - СЪЗДАВАНЕ И РЕДАКЦИЯ на ЗАПИСА
Създаване/Редакция Създаване
Дата на регистрацията/редакция 15.01.2003
Служител, извършил регистрацията/редакцията Цветанка_Енчева
944 ## - СЪЗДАВАНЕ И РЕДАКЦИЯ на ЗАПИСА
Създаване/Редакция Редакция
Дата на регистрацията/редакция 28.03.2005
Служител, извършил регистрацията/редакцията
999 ## - СИСТЕМНИ КОНТРОЛНИ НОМЕРА
Koha biblionumber 32620
Koha biblioitemnumber 32620
Наличности
Код за отписване Код за изгубен артикул Източник на класификационната схема Код за повреда Коз за рестрикции Код за отдаване Артикулен № Име на библиотеката - собственик Име на библиотеката, в която се намира в момента Статус (Текущо местоположение) Дата на вписване в системата Местоположение - отдел Цена в лева Инвентарен номер Систематично азбучна сигнатура Баркод Номер на екземпляра Цена в евро Служебна бележка Служебен тип на артикула
Изтеглен Не е изгубен Universal Decimal Classification Не е повреден без рестрикции заемане за дома 52163 Регионална библиотека "Любен Каравелов" Русе Регионална библиотека "Любен Каравелов" Русе Заемна - подръчен фонд 2001-01-01 Заемна - подръчен фонд 6.00 662254 П 830-31/Х 43 662254 1 3.07 Дост: Pk Вид: Ф N: стар фонд Дата: 01.01.2001 Книги
  Не е изгубен   Не е повреден без рестрикции ползва се в читалня 52164 Регионална библиотека "Любен Каравелов" Русе Регионална библиотека "Любен Каравелов" Русе Хранилище 2002-02-11 Хранилище 6.00 120000668715 Цб 207444 120000668715 2 3.07 Дост: Dp Вид: Д N: 43 Дата: 17.10.2001 Книги
Vip Innovations Ltd, Rousse, Bulgaria 2025